Memories that matter : (Record no. 48487)

MARC details
000 -LEADER
fixed length control field 00487nam a2200181Ia 4500
005 - DATE AND TIME OF LATEST TRANSACTION
control field 20260122095517.0
008 - FIXED-LENGTH DATA ELEMENTS--GENERAL INFORMATION
fixed length control field 260121s9999||||xx |||||||||||||| ||und||
020 ## - INTERNATIONAL STANDARD BOOK NUMBER
International Standard Book Number 9780367144401
082 ## - DEWEY DECIMAL CLASSIFICATION NUMBER
Classification number 153.12
Item number MAD
100 ## - MAIN ENTRY--PERSONAL NAME
Personal name Madan, Christopher R.
245 #0 - TITLE STATEMENT
Title Memories that matter :
Remainder of title how we remember important things /
260 ## - PUBLICATION, DISTRIBUTION, ETC. (IMPRINT)
Place of publication, distribution, etc London :
Name of publisher, distributor, etc Routledge,
Date of publication, distribution, etc 2023.
300 ## - PHYSICAL DESCRIPTION
Extent xxviii, 646 p.; pbk
650 ## - SUBJECT ADDED ENTRY--TOPICAL TERM
Topical term or geographic name as entry element Cognition
650 ## - SUBJECT ADDED ENTRY--TOPICAL TERM
Topical term or geographic name as entry element Memories
650 ## - SUBJECT ADDED ENTRY--TOPICAL TERM
Topical term or geographic name as entry element Neurobiology
942 ## - ADDED ENTRY ELEMENTS (KOHA)
Koha item type Text Books
Holdings
Date last seen Total Checkouts Full call number Barcode Price effective from Koha item type Lost status Damaged status Not for loan Collection code Withdrawn status Home library Current library Shelving location Date acquired Source of acquisition
22/01/2026   153.12 MAD 54873 22/01/2026 Text Books       Non-fiction   CUTN Central Library CUTN Central Library Philosophy & psychology 22/01/2026 Technical Buearu, New Delhi - Invoice No. - TB4434 on 07-03-2025